000 01053cam a2200205 4500
001 ABS68796
008 050317n2005 000 0 eng u
035 _a(Sirsi) u129085
100 _aPatterson, L.
245 _aJoint risks and rewards
260 _c2005
490 _aConstruction News
_v(6906) 3 March 2005, 28(1)
520 _aA growing number of contractors are entering into joint ventures where two or more parties come together to undertake a specific project or a series of projects. There are three important documents here, the Articles of Association, the shareholder's agreement and the ancillary agreement. There is always a need for clear roles, with provisions made for dealing with problems such as non-realisation of income or profit and agreements must also provide for remedies in the event that one of the parties in the agreement does not perform.
590 _aABS
650 _aJOINT VENTURES
650 _aPROPERTY DEVELOPMENT
650 _aContracts
_96232
690 _aBUILDING AND CONSTRUCTION-LAW
942 _n0
999 _c74939
_d74939